000 00583nam a2200229Ia 4500
003 OSt
005 20220916111007.0
006 a|||||r|||| 00| 0
007 ta
008 220915b |||||||| |||| 00| 0 eng d
024 _a90482
037 _cTextbook
040 _beng
_aARTS
_cARTS
041 _aeng
082 _aT.614.N5, 122J8 (906)
110 _aUniversite de Liege
245 0 _aProblem de l'enseignement dans le ruanda Urndi
260 _c1958
650 _aEDUCATION
942 _hT.614.N5, 122J8 (906)
_cTB
_2CC
999 _c102899
_d102899